000
00468nam a2200181Ia 4500
008
100917s9999 xx 000 0 und d
082
_b
40408
100
_a
भेण्डे सुभाष
245
_a
अदेशी
260
_b
हंस प्रकाशन
_c
1971
300
_a
134
365
_b
5
520
_a
कादंबरी
630
_a
अदेशी
650
_a
कादंबरी
730
_a
अदेशी
942
_c
BOOK
999
_c
645802
_d
645799